Internet a bezpečnost organizací VIII. ročník mezinárodní konference

Gespeichert in:
Bibliographische Detailangaben
Körperschaften: Internet a bezpečnost organizací. Mezinárodní konference, Univerzita Tomáše Bati ve Zlíně. Fakulta managementu a ekonomiky
Format: Buch
Sprache:Tschechisch
Englisch
Slowakisch
Russisch
Veröffentlicht: Zlín Univerzita Tomáše Bati ve Zlíně 2006
Schlagworte:
Tags: Tag hinzufügen
Keine Tags, Fügen Sie das erste Tag hinzu!

MARC

LEADER 00000nlm$a2200000$$$4500
001 0047507
005 20240104134853.1
041 0 |a cze 
041 0 |a eng 
041 0 |a slo 
041 0 |a rus 
044 |a SK 
245 1 0 |a Internet a bezpečnost organizací  |b VIII. ročník mezinárodní konference 
264 1 |a Zlín  |b Univerzita Tomáše Bati ve Zlíně  |c 2006 
300 |a CD-ROM 
610 2 0 |a internet 
610 2 0 |a bezpečnosť informačná 
610 2 0 |a rozhodovanie strategické 
610 2 0 |a dokumenty elektronické 
610 2 0 |a informácie strategické 
610 2 0 |a informatika 
110 2 |a Internet a bezpečnost organizací. Mezinárodní konference 
710 2 |a Univerzita Tomáše Bati ve Zlíně. Fakulta managementu a ekonomiky